BIBLIOTECA PODER JUDICIAL
Portal Judicial TDF

Una aproximación al análisis del delito juvenil en la justicia penal adolescente / (Registro nro. 5574)

000 -LEADER
fixed length control field 01340nab a22002657a 4500
003 - CONTROL NUMBER IDENTIFIER
control field OSt
005 - DATE AND TIME OF LATEST TRANSACTION
control field 20251219084256.0
008 - FIXED-LENGTH DATA ELEMENTS--GENERAL INFORMATION
fixed length control field 190429b xxu||||| |||| 00| 0 spa d
040 ## - CATALOGING SOURCE
Transcribing agency PJ
100 ## - MAIN ENTRY--PERSONAL NAME
9 (RLIN) 6551
Personal name Morabito, Rodrigo
245 10 - TITLE STATEMENT
Title Una aproximación al análisis del delito juvenil en la justicia penal adolescente /<br/>
Statement of responsibility, etc Rodrigo Morabito.
260 ## - PUBLICATION, DISTRIBUTION, ETC. (IMPRINT)
Date of publication, distribution, etc Ciudad Autónoma de Buenos Aires :
Place of publication, distribution, etc Thomson Reuters La Ley,
Name of publisher, distributor, etc 2025.
300 ## - PHYSICAL DESCRIPTION
Extent p. 149-152
500 ## - GENERAL NOTE
General note Cita: TR LALEY AR/DOC/724/2025.
505 ## - FORMATTED CONTENTS NOTE
Formatted contents note Sumario: I. La provincia de Catamarca como punto de partida del análisis.— II. Las estadísticas en el NOA.— III. El delito juvenil o adolescente en el país. Casos y casos.— IV. A modo de conclusión una pregunta final: ¿puede prevenirse el delito penal juvenil?.
505 ## - FORMATTED CONTENTS NOTE
Title Si te interesa el texto completo, solicitalo a koha@justierradelfuego.gov.ar
650 #0 - SUBJECT ADDED ENTRY--TOPICAL TERM
9 (RLIN) 343
Topical term or geographic name as entry element DERECHO PENAL
650 #0 - SUBJECT ADDED ENTRY--TOPICAL TERM
9 (RLIN) 2730
Topical term or geographic name as entry element RÉGIMEN PENAL DE LA MINORIDAD
650 #0 - SUBJECT ADDED ENTRY--TOPICAL TERM
9 (RLIN) 344
Topical term or geographic name as entry element DELITOS CONTRA LA PROPIEDAD
650 #0 - SUBJECT ADDED ENTRY--TOPICAL TERM
9 (RLIN) 2682
Topical term or geographic name as entry element DELITOS CONTRA LAS PERSONAS
650 #0 - SUBJECT ADDED ENTRY--TOPICAL TERM
9 (RLIN) 2902
Topical term or geographic name as entry element DELITOS CONTRA LA INTEGRIDAD SEXUAL
651 #0 - SUBJECT ADDED ENTRY--GEOGRAPHIC NAME
9 (RLIN) 2705
Geographic name CATAMARCA
773 0# - HOST ITEM ENTRY
Host Biblionumber 2658
Host Itemnumber 3164
Title Revista de derecho penal y criminología. Nº 4 - Mayo 2025
Place, publisher, and date of publication Ciudad Autónoma de Buenos Aires : Thomson Reuters La Ley, 2017-
International Standard Serial Number 00347914
942 ## - ADDED ENTRY ELEMENTS (KOHA)
Source of classification or shelving scheme
Koha item type Analítica Artículo de Revista

No hay ítems disponibles.

12 de Octubre 789 Ushuaia - Tel:  54(02901)441571
Horario de Atención: 8.00 a 17.00 hs. 
bibliotecaush@justierradelfuego.gov.ar
koha@justierradelfuego.gov.ar
Seguinos en nuestras redes @bibliojustdf 

Con tecnología Koha